Statistics for Principles of Design

Click here to take the quiz!

General Stats

  • This quiz has been taken 11 times
  • The average score is 4 of 6

Answer Stats

AnswerHint% Correct
ContrastThe degree of difference or similarity in attributes.
100%
BalanceTension and equilibrium.
75%
EmphasisA focal point without losing unity.
75%
ProportionRelative size of elements against each other.
75%
HierarchyOrder of significance.
50%
UnityThe agreement of elements.
50%

Score Distribution

Percentile by Number Answered

Percent of People with Each Score

Your Score History

You have not taken this quiz